Biblioteki Polonii Amerykańskiej
Biblioteka Instytutu Józefa Piłsudskiego w Ameryce
Library of the Józef Piłsudski Institute of America
Biblioteka imienia Alfreda Jurzykowskiego Polskiego Instytutu Naukowego w Ameryce
The Alfred Jurzykowski Memorial Library of the Polish Institute of Arts & Sciences of America
Biblioteka Marjanczyków Polskiej Fundacji Kulturalnej
The Marjanczyk Library of the Polish Cultural Foundation

Biblioteka Fundacji Kościuszkowskiej
Library of the Kosciuszko Foundation

The Death of General Sikorski: (Record no. 91082)

MARC details
000 -LEADER
fixed length control field 01004nam a22002657a 4500
003 - CONTROL NUMBER IDENTIFIER
control field NyNyJPI
005 - DATE AND TIME OF LATEST TRANSACTION
control field 20260414175005.0
008 - FIXED-LENGTH DATA ELEMENTS--GENERAL INFORMATION
fixed length control field 260408b |||||||| |||| 00| 0 eng d
020 ## - INTERNATIONAL STANDARD BOOK NUMBER
International Standard Book Number 1399039229
040 ## - CATALOGING SOURCE
Transcribing agency IJP
041 ## - LANGUAGE CODE
Language code of text/sound track or separate title eng
100 ## - MAIN ENTRY--PERSONAL NAME
Personal name Zablocki, Peter
245 ## - TITLE STATEMENT
Title The Death of General Sikorski:
Remainder of title The Polish Leader's Last Flight in 1943 and The Tangled Web of Poland, the Allies, and the Soviets.
Statement of responsibility, etc. Peter Zablocki.
260 ## - PUBLICATION, DISTRIBUTION, ETC.
Place of publication, distribution, etc. Yorkshire ;
-- Philadelphia :
Name of publisher, distributor, etc. Frontline Books, an imprit of Pen & Sword Books
Date of publication, distribution, etc. 2024
300 ## - PHYSICAL DESCRIPTION
Extent p. XIX, 275:
Other physical details fotografie ;
Dimensions 10 cm.
600 ## - SUBJECT ADDED ENTRY--PERSONAL NAME
Personal name Sikorski, Władysław
600 ## - SUBJECT ADDED ENTRY--PERSONAL NAME
Personal name Sikorski, Wladyslaw
Dates associated with a name 1881-1943
650 ## - SUBJECT ADDED ENTRY--TOPICAL TERM
Topical term or geographic name entry element World War, 1939-1945
650 ## - SUBJECT ADDED ENTRY--TOPICAL TERM
Topical term or geographic name entry element Katyn Massacre, Russia, 1940
General subdivision Diplomatic history
Geographic subdivision Soviet Union
650 ## - SUBJECT ADDED ENTRY--TOPICAL TERM
Source of heading or term Airplanes
General subdivision Accident
Chronological subdivision 20th century
Geographic subdivision Gibraltar
650 ## - SUBJECT ADDED ENTRY--TOPICAL TERM
Topical term or geographic name entry element Governments-in-exile
General subdivision Foreign relations
Geographic subdivision Poland, Soviet Union, Allies
651 ## - SUBJECT ADDED ENTRY--GEOGRAPHIC NAME
Geographic name Gibraltar
Chronological subdivision 1943
658 ## - INDEX TERM--CURRICULUM OBJECTIVE
Main curriculum objective History
942 ## - ADDED ENTRY ELEMENTS (KOHA)
Source of classification or shelving scheme Other/Generic Classification Scheme
Koha item type Books
Suppress in OPAC No
Holdings
Withdrawn status Lost status Source of classification or shelving scheme Damaged status Not for loan Home library Current library Date acquired Total checkouts Full call number Date last seen Price effective from Koha item type
    Other/Generic Classification Scheme   Not for loan Józef Piłsudski Institute Józef Piłsudski Institute 04/08/2026   K 1819 04/08/2026 04/08/2026 Books